00345nam a2200121 a 4500008004100000050001400041100002200055245004900077246003500126260003200161300002100193350000900214120416s1967 ||||||||||||||||| || u aHM 66 Soc aMalpass, Leslie F10aSocial behaviorcedited by Leslie F. Malpass aa program for self-instruction aNew YorkbMcGraw-Hillc1967 axix, 491p. : ill a0.00